| 000 | 00658nam a22002057a 4500 | ||
|---|---|---|---|
| 003 | OSt | ||
| 005 | 20140310181806.0 | ||
| 008 | 130704t xxu||||| |||| 00| 0 eng d | ||
| 022 | _21860078583 pbk | ||
| 050 |
_aQP 37 _b.P238 2006 |
||
| 082 |
_aREF 612.22 _bP22 2006 |
||
| 245 |
_aJust the facts: human body / _cSteve Prker. |
||
| 260 |
_aChina : _bTicktock Pub, _cc 2006. |
||
| 300 |
_a64 p. ; _bill. col. ; _c28 cm. |
||
| 520 | _a1. Body, Human--Juvenile literature. 2. Human physiology--Juvenile literature. 3. Human anatomy--Juvenile literature. | ||
| 521 | _aBasic ed. students | ||
| 541 | _j1 | ||
| 562 | _e1 | ||
| 942 |
_2lcc _cBK-GR _kREF |
||
| 999 |
_c3807 _d3807 |
||